<?xml version="1.0" encoding="UTF-8"?>
<record
    xmlns:xsi="http://www.w3.org/2001/XMLSchema-instance"
    xsi:schemaLocation="http://www.loc.gov/MARC21/slim http://www.loc.gov/standards/marcxml/schema/MARC21slim.xsd"
    xmlns="http://www.loc.gov/MARC21/slim">

  <leader>01361nam0a22003251  4500</leader>
  <controlfield tag="001">RU\NLR\INFOCOMM_165\5000012708</controlfield>
  <controlfield tag="005">20250613095416.0</controlfield>
  <datafield tag="035" ind1=" " ind2=" ">
    <subfield code="a">(NLR Aleph) 009294032</subfield>
  </datafield>
  <datafield tag="090" ind1=" " ind2=" ">
    <subfield code="a">9237946</subfield>
    <subfield code="c">9237946</subfield>
  </datafield>
  <datafield tag="100" ind1=" " ind2=" ">
    <subfield code="a">20101005d1987    |||y0rusy50      ca</subfield>
  </datafield>
  <datafield tag="101" ind1="0" ind2=" ">
    <subfield code="a">por</subfield>
  </datafield>
  <datafield tag="102" ind1=" " ind2=" ">
    <subfield code="a">RU</subfield>
  </datafield>
  <datafield tag="105" ind1=" " ind2=" ">
    <subfield code="a">a   ||||000|y</subfield>
  </datafield>
  <datafield tag="200" ind1="1" ind2=" ">
    <subfield code="a">&#xC9; poss&#xED;vel fazer parar a hist&#xF3;ria?</subfield>
    <subfield code="e">Exporta&#xE7;&#xE3;o da revolu&#xE7;&#xE3;o e exporta&#xE7;&#xE3;o da contra-revolu&#xE7;&#xE3;o</subfield>
    <subfield code="e">ponto de vista sov.</subfield>
    <subfield code="f">Anatoli Essipov, Fiodor Pechkin</subfield>
  </datafield>
  <datafield tag="205" ind1=" " ind2=" ">
    <subfield code="a">2-a ed.</subfield>
  </datafield>
  <datafield tag="210" ind1=" " ind2=" ">
    <subfield code="a">&#x39C;.</subfield>
    <subfield code="c">Ed. da Ag&#xEA;ncia de impr. "N&#xF3;vosti"</subfield>
    <subfield code="d">1987</subfield>
  </datafield>
  <datafield tag="215" ind1=" " ind2=" ">
    <subfield code="a">54 &#x441;.</subfield>
    <subfield code="c">&#x438;&#x43B;.</subfield>
    <subfield code="d">17 &#x441;&#x43C;</subfield>
  </datafield>
  <datafield tag="300" ind1=" " ind2=" ">
    <subfield code="a">&#x41D;&#x430; &#x43E;&#x431;&#x43E;&#x440;&#x43E;&#x442;&#x435; &#x442;&#x438;&#x442;. &#x43B;.: &#x41C;&#x43E;&#x436;&#x43D;&#x43E; &#x43B;&#x438; &#x43E;&#x441;&#x442;&#x430;&#x43D;&#x43E;&#x432;&#x438;&#x442;&#x44C; &#x438;&#x441;&#x442;&#x43E;&#x440;&#x438;&#x44E;? / &#x410;&#x43D;&#x430;&#x442;&#x43E;&#x43B;&#x438;&#x439; &#x410;&#x440;&#x43A;&#x430;&#x434;&#x44C;&#x435;&#x432;&#x438;&#x447; &#x415;&#x441;&#x438;&#x43F;&#x43E;&#x432;, &#x424;&#x435;&#x434;&#x43E;&#x440; &#x41D;&#x435;&#x441;&#x442;&#x435;&#x440;&#x43E;&#x432;&#x438;&#x447; &#x41F;&#x435;&#x448;&#x43A;&#x438;&#x43D;</subfield>
  </datafield>
  <datafield tag="606" ind1=" " ind2=" ">
    <subfield code="a">&#x41A;&#x43E;&#x43D;&#x442;&#x440;&#x440;&#x435;&#x432;&#x43E;&#x43B;&#x44E;&#x446;&#x438;&#x44F; (&#x441;&#x43E;&#x446;&#x438;&#x43E;&#x43B;.)</subfield>
    <subfield code="2">nlr_sh1</subfield>
  </datafield>
  <datafield tag="606" ind1=" " ind2=" ">
    <subfield code="a">&#x420;&#x435;&#x432;&#x43E;&#x43B;&#x44E;&#x446;&#x438;&#x44F;</subfield>
    <subfield code="x">&#x421;&#x43E;&#x446;&#x438;&#x43E;&#x43B;&#x43E;&#x433;&#x438;&#x447;&#x435;&#x441;&#x43A;&#x438;&#x435; &#x438;&#x441;&#x441;&#x43B;&#x435;&#x434;&#x43E;&#x432;&#x430;&#x43D;&#x438;&#x44F;</subfield>
    <subfield code="2">nlr_sh1</subfield>
  </datafield>
  <datafield tag="686" ind1=" " ind2=" ">
    <subfield code="a">&#x410;555</subfield>
    <subfield code="2">rubbk</subfield>
  </datafield>
  <datafield tag="700" ind1=" " ind2="1">
    <subfield code="9">z02790</subfield>
    <subfield code="a">Esipov</subfield>
    <subfield code="b">A. A.</subfield>
    <subfield code="g">Anatolij Arkad'evi&#x10D;</subfield>
    <subfield code="4">070</subfield>
  </datafield>
  <datafield tag="701" ind1=" " ind2="1">
    <subfield code="9">z03790</subfield>
    <subfield code="a">Pe&#x161;kin</subfield>
    <subfield code="b">F. N.</subfield>
    <subfield code="g">Fedor Nesterovi&#x10D;</subfield>
    <subfield code="4">070</subfield>
  </datafield>
  <datafield tag="790" ind1=" " ind2="1">
    <subfield code="9">z02700</subfield>
    <subfield code="a">Essipov</subfield>
    <subfield code="b">A.</subfield>
    <subfield code="g">Anatoli</subfield>
    <subfield code="4">070</subfield>
  </datafield>
  <datafield tag="790" ind1=" " ind2="1">
    <subfield code="9">z03701</subfield>
    <subfield code="a">Pechkin</subfield>
    <subfield code="b">F.</subfield>
    <subfield code="g">Fiodor</subfield>
    <subfield code="4">070</subfield>
  </datafield>
  <datafield tag="801" ind1=" " ind2="1">
    <subfield code="a">RU</subfield>
    <subfield code="b">NLR</subfield>
    <subfield code="c">20101005</subfield>
  </datafield>
  <datafield tag="801" ind1=" " ind2="0">
    <subfield code="a">RU</subfield>
    <subfield code="b">NLR</subfield>
    <subfield code="g">PSBO</subfield>
  </datafield>
  <datafield tag="852" ind1=" " ind2=" ">
    <subfield code="a">NLR</subfield>
    <subfield code="j">&#x414;01 &#x414;-2/173</subfield>
  </datafield>
  <datafield tag="942" ind1=" " ind2=" ">
    <subfield code="c">BOOK</subfield>
  </datafield>
  <datafield tag="980" ind1=" " ind2=" ">
    <subfield code="a">NB</subfield>
  </datafield>
  <datafield tag="995" ind1=" " ind2=" ">
    <subfield code="5">2013-10-26</subfield>
    <subfield code="b">NLR01</subfield>
    <subfield code="c">NLR01</subfield>
    <subfield code="e">IF</subfield>
    <subfield code="f">9294032-10</subfield>
    <subfield code="k">&#x414;01 &#x414;-2/173</subfield>
    <subfield code="o">0</subfield>
    <subfield code="r">BOOK</subfield>
    <subfield code="s">01_2173</subfield>
  </datafield>
</record>
